000 00346nam a22001337a 4500
008 220125b ||||| |||| 00| 0 eng d
020 _a9789386446138
082 _a302
_b1
100 _aCrisp Richard.J.,etal
_97532
245 _aEssential Social Psychology
260 _aNew Delhi
_bSAGE Publications
_c2014
300 _a348.P
942 _2ddc
_cBK
999 _c11960
_d11960